[Event "International Championship of Central Se"]
[Site "Paracin, hotel "]
[Date "2016.07.08"]
[Round "2.29"]
[White "Blazeka, Matej"]
[Black "Topel, Zehra"]
[Result "*"]
[WhiteElo "2328"]
[BlackElo "2107"]
[Annotator "Natasa"]
[PlyCount "47"]
[EventDate "2016.07.07"]

1. e4 c5 2. Nf3 d6 3. d4 Nf6 4. dxc5 Nxe4 5. cxd6 Nc6 6. dxe7 Qxd1+ 7. Kxd1
Nxf2+ 8. Ke1 Nxh1 9. exf8=Q+ Rxf8 10. Bd3 Nb4 11. Be3 f5 12. Nc3 f4 13. Bc5
Nxd3+ 14. cxd3 Rf5 15. Ne4 Rd5 16. Ke2 b6 17. Bd4 Ba6 18. Nc3 Rd7 19. Rxh1 Rad8
20. Be5 Rxd3 21. Kf2 R8d7 22. Bxf4 Rf7 23. Re1+ Kf8 24. a3 {unreadable} *

[Event "International Championship of Central Se"]
[Site "Paracin, hotel "]
[Date "2016.07.08"]
[Round "2.30"]
[White "Garic, Radomir"]
[Black "Apontecastillo, Ernesto"]
[Result "1-0"]
[WhiteElo "2317"]
[BlackElo "2100"]
[PlyCount "75"]
[EventDate "2016.07.07"]

1. b3 d5 2. e3 Nf6 3. Bb2 Bg4 4. f3 Bf5 5. g4 Bc8 6. Nc3 e6 7. h4 b6 8. Bh3 Bb7
9. d4 c5 10. Nge2 Nc6 11. Qd2 cxd4 12. exd4 Bb4 13. g5 Ng8 14. O-O-O Qd6 15.
Kb1 O-O-O 16. a3 Bxc3 17. Nxc3 Nge7 18. Nb5 Qd7 19. Rhe1 h6 20. Bg4 hxg5 21.
hxg5 Ng6 22. Rh1 Kb8 23. Qg2 a6 24. Qg3+ Ka8 25. Nc3 Rxh1 26. Rxh1 Qe7 27. Na4
b5 28. Nc5 Qxg5 29. Qc7 Qe7 30. Qb6 Rd6 31. Rh7 Nd8 32. Qa5 f5 33. Bh5 Nf8 34.
Rh8 g6 35. Bc1 gxh5 36. Bf4 Rc6 37. Bh6 Ka7 38. Bxf8 1-0

[Event "International Championship of Central Se"]
[Site "Paracin, hotel "]
[Date "2016.07.08"]
[Round "2.31"]
[White "Bosnjak, Petar"]
[Black "Bozilov, Dragan"]
[Result "1/2-1/2"]
[WhiteElo "2311"]
[BlackElo "2075"]
[PlyCount "63"]
[EventDate "2016.07.07"]

1. e4 c6 2. Nc3 d5 3. d4 dxe4 4. Nxe4 Nf6 5. Nxf6+ exf6 6. c3 Bd6 7. Bd3 O-O 8.
Qc2 Re8+ 9. Ne2 g6 10. h4 Qe7 11. h5 f5 12. hxg6 fxg6 13. Bh6 Qf7 14. O-O-O Be6
15. b3 a5 16. Nf4 Bxf4+ 17. Bxf4 a4 18. Kb2 Nd7 19. Rde1 Nf6 20. f3 Nd5 21. Bd6
f4 22. Rh6 Bf5 23. Rxe8+ Rxe8 24. Bxf5 Qxf5 25. Qxf5 gxf5 26. Be5 a3+ 27. Kxa3
Nxc3 28. Kb2 Nd5 29. Rh5 Re6 30. Rxf5 Rg6 31. Bxf4 Rxg2+ 32. Kc1 1/2-1/2

[Event "International Championship of Central Se"]
[Site "Paracin, hotel "]
[Date "2016.07.08"]
[Round "2.32"]
[White "Nester, Ihor"]
[Black "Mitev, Valentin"]
[Result "1-0"]
[WhiteElo "2300"]
[BlackElo "2073"]
[PlyCount "47"]
[EventDate "2016.07.07"]

1. Nf3 d5 2. d4 Bf5 3. c4 e6 4. Nc3 Nf6 5. Bg5 Nc6 6. e3 Bb4 7. Bd3 Bxc3+ 8.
bxc3 h6 9. cxd5 Qxd5 10. Bxf6 gxf6 11. Rb1 Bxd3 12. Qxd3 Ne5 13. Nxe5 fxe5 14.
e4 Qc6 15. dxe5 O-O 16. O-O Rad8 17. Qe3 Kh7 18. f4 Rg8 19. f5 exf5 20. Rxf5
Qg6 21. g3 b6 22. Qf3 Rd7 23. Rf6 Qg7 24. Qf5+ 1-0

[Event "International Championship of Central Se"]
[Site "Paracin, hotel "]
[Date "2016.07.08"]
[Round "2.33"]
[White "Radovic, Luka"]
[Black "Sahin, Ozgun"]
[Result "0-1"]
[WhiteElo "2276"]
[BlackElo "2042"]
[Annotator "Natasa"]
[PlyCount "83"]
[EventDate "2016.07.07"]

1. Nf3 c5 2. g3 Nc6 3. Bg2 g6 4. O-O Bg7 5. e4 Nf6 6. Nc3 O-O 7. d3 d6 8. h3
Rb8 9. a4 a6 10. Re1 e5 11. Bg5 h6 12. Be3 Nd4 13. a5 Be6 14. Nd2 Nc6 15. Nd5
Bxd5 16. exd5 Nb4 17. Ne4 Nbxd5 18. Bd2 Qd7 19. Nxf6+ Nxf6 20. b4 Rfe8 21. Rb1
cxb4 22. Bxb4 d5 23. c4 b6 24. axb6 Rxb6 25. Bc3 Rxb1 26. Qxb1 dxc4 27. dxc4
Qa4 28. c5 Qc4 29. Qb4 Qxb4 30. Bxb4 Bf8 31. Bb7 Nd7 32. Rc1 a5 33. Ba3 Rb8 34.
Ba6 a4 35. Rc4 Rb3 36. c6 Nb6 37. c7 Bxa3 38. Rc6 Rb1+ 39. Kg2 Rc1 40. Rxb6
Rxc7 41. Rb8+ Bf8 42. Ra8 {unreadable} 0-1

[Event "International Championship of Central Se"]
[Site "Paracin, hotel "]
[Date "2016.07.08"]
[Round "2.34"]
[White "Vujacic, Borivoje"]
[Black "Bejatovic, Bojana"]
[Result "0-1"]
[WhiteElo "2265"]
[BlackElo "2019"]
[Annotator "Natasa"]
[PlyCount "133"]
[EventDate "2016.07.07"]

1. e4 Nf6 2. e5 Nd5 3. d4 d6 4. Nf3 Bg4 5. Be2 e6 6. h3 Bh5 7. O-O Be7 8. c4
Nb6 9. exd6 cxd6 10. b3 O-O 11. Nc3 a5 12. Be3 Nc6 13. Rc1 d5 14. c5 Nd7 15.
Qd2 Nf6 16. Rfd1 Bg6 17. Bf4 Qd7 18. Na4 Bd8 19. Bb5 Ne4 20. Qe2 Qe7 21. Ne5
Rc8 22. f3 Qh4 23. Qe3 Bg5 24. Bxg5 Nxg5 25. Kh2 Ne7 26. Qe1 Qf4+ 27. Qg3 Qxg3+
28. Kxg3 f6 29. Nxg6 hxg6 30. Nb6 Rc7 31. Kf2 Kf7 32. h4 Nh7 33. g4 Rd8 34. Re1
g5 35. h5 f5 36. Re5 Nf6 37. Rce1 fxg4 38. Rxe6 gxf3 39. Kxf3 g4+ 40. Kf4 g3
41. R6e5 Rh8 42. Kxg3 Rxh5 43. Rxh5 Nxh5+ 44. Kg4 Nf6+ 45. Kf4 Ng6+ 46. Kg5 Nf8
47. Kf5 g6+ 48. Kf4 Ne6+ 49. Ke3 g5 50. Rf1 Kg7 51. Rf5 Re7 52. Nc8 Rc7 53. Nb6
Re7 54. Nc8 Rc7 55. Nd6 Re7 56. Kd3 Nf4+ 57. Kd2 Kg6 58. Re5 Rxe5 59. dxe5 Ne4+
60. Nxe4 dxe4 61. Bd7 Nd3 62. Ke3 Nxc5 63. Bc8 Kf7 64. Kd4 b6 65. Kd5 Nd3 66.
Kxe4 Nf2+ {unreadable} 67. Kf5 0-1

[Event "International Championship of Central Se"]
[Site "Paracin, hotel "]
[Date "2016.07.08"]
[Round "2.35"]
[White "Nestorovic, Dejan"]
[Black "Stojkovska, Monika"]
[Result "1-0"]
[WhiteElo "2387"]
[BlackElo "2005"]
[PlyCount "87"]
[EventDate "2016.07.07"]

1. d4 e6 2. c4 Nf6 3. Nf3 c5 4. e3 cxd4 5. exd4 d5 6. Nc3 Be7 7. a3 a5 8. Bd3
b6 9. cxd5 exd5 10. Ne5 O-O 11. O-O Bb7 12. Bf4 Nbd7 13. Qf3 Nxe5 14. dxe5 Ne8
15. Rad1 Nc7 16. Bc4 dxc4 17. Qxb7 Qb8 18. Qc6 Ne6 19. Qxc4 Rc8 20. Qe4 Bxa3
21. Nd5 Bf8 22. Be3 Nc5 23. Qf5 Re8 24. f4 Qb7 25. Rf3 Re6 26. Bxc5 bxc5 27.
Qe4 Rb8 28. Rh3 h6 29. f5 Ree8 30. e6 f6 31. b3 Kh8 32. Qc4 Rbd8 33. Rhd3 Rb8
34. Nf4 Qb5 35. Ng6+ Kh7 36. Qxb5 Rxb5 37. Rd8 Rb8 38. Rxe8 Rxe8 39. Rd7 c4 40.
Nxf8+ Rxf8 41. bxc4 Kg8 42. Ra7 Rc8 43. Rxa5 Kf8 44. c5 1-0

[Event "International Championship of Central Se"]
[Site "Paracin, hotel "]
[Date "2016.07.08"]
[Round "2.23"]
[White "Zivic, Dragan"]
[Black "Kosic, Dragan"]
[Result "0-1"]
[WhiteElo "2244"]
[BlackElo "2504"]
[PlyCount "66"]
[EventDate "2016.07.07"]

1. e4 e6 2. d4 d5 3. Nd2 c5 4. Ngf3 cxd4 5. Nxd4 Nf6 6. e5 Nfd7 7. f4 Nxe5 8.
Nxe6 Bxe6 9. fxe5 Nc6 10. Nf3 Qb6 11. Bd3 Bc5 12. Qe2 h6 13. c3 a5 14. Bf4 d4
15. cxd4 Nxd4 16. Nxd4 Bxd4 17. Bb5+ Ke7 18. a4 Rac8 19. Rd1 Rhd8 20. Rf1 Qc5
21. Qe4 Qb4+ 22. Ke2 Bg4+ 23. Rf3 Bxf3+ 24. gxf3 Bxb2 25. Qxb7+ Kf8 26. Rxd8+
Rxd8 27. Qc7 Qe7 28. Qxe7+ Kxe7 29. Bg3 Bc3 30. Ke3 f6 31. f4 fxe5 32. fxe5 Ke6
33. Bc4+ Kf5 0-1

[Event "International Championship of Central S"]
[Site "Paracin, hotel "]
[Date "2016.07.08"]
[Round "2.36"]
[White "Kasparova, Tatiana"]
[Black "Dimitrov, Vladimir"]
[Result "1-0"]
[WhiteElo "2141"]
[BlackElo "2413"]
[PlyCount "51"]
[EventDate "2016.07.07"]

1. e4 c5 2. Nf3 e6 3. d4 cxd4 4. Nxd4 Nc6 5. Nb5 d6 6. c4 Nf6 7. N1c3 a6 8. Na3
b6 9. Be3 Be7 10. Be2 O-O 11. O-O Bb7 12. f3 Ne5 13. Rc1 Rc8 14. Qb3 Ned7 15.
Rfd1 Qc7 16. Qc2 Qb8 17. Qd2 Rfe8 18. Nc2 d5 19. cxd5 exd5 20. Bf4 Qa8 21. Nxd5
Nxd5 22. exd5 Bf6 23. Ne3 b5 24. Rxc8 Bxc8 25. Nf5 Qb7 26. Rf1 1-0

[Event "International Championship of Central S"]
[Site "Paracin, hotel "]
[Date "2016.07.08"]
[Round "2.37"]
[White "Maksimovic, Bojan"]
[Black "Obodchuk, Andrei"]
[Result "1-0"]
[WhiteElo "2131"]
[BlackElo "2395"]
[PlyCount "113"]
[EventDate "2016.07.07"]

1. e4 c5 2. Nf3 Nc6 3. d4 cxd4 4. Nxd4 e6 5. Nc3 Qc7 6. Be3 a6 7. a3 Nf6 8. Be2
Be7 9. O-O O-O 10. f4 d6 11. Bf3 Nxd4 12. Qxd4 Nd7 13. Rad1 b5 14. Kh1 Bb7 15.
e5 d5 16. Qd2 Rac8 17. Bd4 Bc5 18. Ne2 f6 19. exf6 Nxf6 20. Qe3 Qe7 21. Bxc5
Rxc5 22. Nd4 Re8 23. c3 Rcc8 24. Qe2 g6 25. Rfe1 Ne4 26. Bxe4 dxe4 27. Nc2 Rf8
28. Rf1 Rcd8 29. Rxd8 Qxd8 30. Rd1 Qc7 31. Ne3 Qxf4 32. Rf1 Qd6 33. h3 Rxf1+
34. Qxf1 e5 35. Qf2 h5 36. Kh2 Kg7 37. Kh1 Qe7 38. Qd2 Bc6 39. Qe2 Qd6 40. Qf2
Qd8 41. Kh2 Qg5 42. Kh1 Be8 43. Qd2 Bf7 44. Qf2 Qf4 45. Kg1 Be6 46. Qd2 g5 47.
Qf2 Kg6 48. Kf1 h4 49. Ke2 g4 50. hxg4 Kg5 51. Ke1 Bxg4 52. Qd2 Kh5 53. Nd5 Qf7
54. Ne3 Be6 55. Qd1+ Kh6 56. Qd6 Qf6 57. Ng4+ 1-0

[Event "International Championship of Central S"]
[Site "Paracin, hotel "]
[Date "2016.07.08"]
[Round "2.38"]
[White "Rabrenovic, Vladan"]
[Black "Jovanovic, Aleksandar D"]
[Result "0-1"]
[WhiteElo "2369"]
[BlackElo "2148"]
[PlyCount "50"]
[EventDate "2016.07.07"]

1. d4 f5 2. g3 g6 3. Bg2 Bg7 4. c3 Nf6 5. Nd2 Nc6 6. e4 d6 7. Ne2 e5 8. d5 Ne7
9. f3 O-O 10. O-O c6 11. dxc6 bxc6 12. b3 Qb6+ 13. Kh1 Ba6 14. Ba3 Rad8 15. c4
Bh6 16. h3 Qa5 17. Nb1 Rf7 18. Qc2 d5 19. Bxe7 Rxe7 20. exf5 dxc4 21. bxc4 gxf5
22. Qxf5 Rf7 23. Nbc3 Bc8 24. Qb1 Rb7 25. Qc2 Rd2 0-1

[Event "International Championship of Central S"]
[Site "Paracin, hotel "]
[Date "2016.07.08"]
[Round "2.39"]
[White "Tosic, Srecko"]
[Black "Stanojevic, Ilija"]
[Result "1/2-1/2"]
[WhiteElo "2340"]
[BlackElo "2119"]
[PlyCount "146"]
[EventDate "2016.07.07"]

1. e4 e5 2. Nf3 Nc6 3. Bb5 a6 4. Bxc6 dxc6 5. O-O Qf6 6. d4 exd4 7. Bg5 Qd6 8.
Nxd4 Be7 9. Bxe7 Nxe7 10. Nc3 Bd7 11. Nb3 O-O-O 12. Qd4 Qxd4 13. Nxd4 c5 14.
Nde2 b5 15. Ng3 Be6 16. Nd1 Rd2 17. Ne3 Nc6 18. Rfd1 Rhd8 19. Rxd2 Rxd2 20. a3
Nd4 21. Rc1 b4 22. axb4 cxb4 23. Kf1 Nb5 24. Ke1 Rd7 25. Nh5 f6 26. Nf4 Bf7 27.
Nfd5 Bxd5 28. Nxd5 Kb7 29. Nxb4 Rd4 30. Nd3 Rxe4+ 31. Kd2 Kb6 32. Ra1 a5 33. f3
Rh4 34. h3 Rd4 35. Re1 Rd7 36. Re6+ c6 37. c3 Nc7 38. Re4 Nd5 39. g4 h6 40. Ke2
Rf7 41. Re8 Rd7 42. h4 Rf7 43. h5 Rd7 44. Re4 Rf7 45. Re8 Rd7 46. f4 Re7+ 47.
Rxe7 Nxe7 48. c4 c5 49. Kf3 Nc6 50. Ke4 Nd4 51. Kd5 f5 52. Nxc5 Ne2 53. gxf5
Nxf4+ 54. Kd6 Nxh5 55. Ne6 Kb7 56. c5 Nf6 57. Nxg7 Kc8 58. Ne6 h5 59. b3 h4 60.
Nf4 Kd8 61. Kc6 Kc8 62. Kb5 Ne4 63. Kb6 Kd7 64. c6+ Kc8 65. Kxa5 Kc7 66. Kb5
Nd6+ 67. Kc5 Nxf5 68. b4 Ne7 69. b5 Nc8 70. Ne6+ Kb8 71. Nf4 Kc7 72. Nh3 Nb6
73. Nf2 Nc8 1/2-1/2

[Event "International Championship of Central S"]
[Site "Paracin, hotel "]
[Date "2016.07.08"]
[Round "2.40"]
[White "Todorovic, Nenad I"]
[Black "Petrovic, Marija"]
[Result "1-0"]
[WhiteElo "2306"]
[BlackElo "2105"]
[PlyCount "51"]
[EventDate "2016.07.07"]

1. e4 e5 2. Nf3 Qe7 3. Bc4 d6 4. O-O Bg4 5. Re1 c6 6. c3 Nf6 7. d4 h6 8. Nbd2
Nbd7 9. h3 Bh5 10. Nf1 Nb6 11. Bb3 Bxf3 12. Qxf3 g6 13. Ng3 Bg7 14. Qd1 O-O 15.
f4 Rfe8 16. dxe5 dxe5 17. f5 Kh7 18. a4 Nbd7 19. Be3 Rf8 20. Qe2 Nc5 21. Bc2 a5
22. Rab1 Rfd8 23. Qc4 Ncd7 24. b4 axb4 25. cxb4 Rf8 26. a5 1-0

[Event "International Championship of Central S"]
[Site "Paracin, hotel "]
[Date "2016.07.08"]
[Round "2.41"]
[White "Malinarski, Yehuda"]
[Black "Rajkovic, Mladen"]
[Result "0-1"]
[WhiteElo "2104"]
[BlackElo "2303"]
[PlyCount "48"]
[EventDate "2016.07.07"]

1. e4 e5 2. Nf3 Nc6 3. d4 exd4 4. Nxd4 Nf6 5. Nxc6 bxc6 6. e5 Ne4 7. Qd4 f5 8.
exf6 Nxf6 9. Bd3 d5 10. O-O Be7 11. c4 O-O 12. h3 c5 13. Qc3 c6 14. Qc2 Bd6 15.
Nd2 Qe8 16. Nb3 Ne4 17. Be3 Bxh3 18. Bxe4 dxe4 19. Rfe1 Qg6 20. f4 Bxf4 21.
Nxc5 Rae8 22. Rad1 Bg4 23. Rd2 Bxe3+ 24. Rxe3 Qg5 0-1

[Event "International Championship of Central S"]
[Site "Paracin, hotel "]
[Date "2016.07.08"]
[Round "2.42"]
[White "Mamontova, Anastasia"]
[Black "Budimir, Boris"]
[Result "0-1"]
[WhiteElo "2084"]
[BlackElo "2272"]
[PlyCount "80"]
[EventDate "2016.07.07"]

1. b3 e5 2. Bb2 Nc6 3. c4 Nf6 4. g3 d5 5. cxd5 Nxd5 6. Bg2 Be6 7. Nc3 Nxc3 8.
Bxc3 Bd5 9. Nf3 f6 10. O-O Be7 11. Nh4 Bxg2 12. Kxg2 g6 13. Qc2 Qd5+ 14. Kg1
O-O-O 15. b4 Bxb4 16. Bxb4 Nxb4 17. Qa4 Nc6 18. Rab1 Rhe8 19. Rfc1 Nd4 20. Qd1
Qxa2 21. e3 Nc6 22. Rc2 Qd5 23. Qg4+ f5 24. Qa4 Re6 25. Ng2 Red6 26. Ne1 e4 27.
Ng2 Qa5 28. Qb3 Qb6 29. Qa2 Nb4 30. Qa4 a5 31. Nf4 Kb8 32. Rbb2 Rc6 33. Rc3 Qa6
34. Nh3 Rxd2 35. Rxd2 Rxc3 36. Rd8+ Ka7 37. Qa1 Rd3 38. Rh8 Nc2 39. Qb1 Qc4 40.
Rxh7 Ra3 0-1

[Event "International Championship of Central S"]
[Site "Paracin, hotel "]
[Date "2016.07.08"]
[Round "2.43"]
[White "Dezelin, Milan"]
[Black "Sukovic, Andrej"]
[Result "1/2-1/2"]
[WhiteElo "2259"]
[BlackElo "2084"]
[PlyCount "51"]
[EventDate "2016.07.07"]

1. Nf3 Nf6 2. b3 d6 3. d4 g6 4. Bb2 Bg7 5. g3 O-O 6. Bg2 e5 7. dxe5 Ng4 8. Qc1
Nxe5 9. Nxe5 Bxe5 10. Bxe5 dxe5 11. O-O c6 12. Nd2 Qe7 13. a4 Rd8 14. a5 Bg4
15. Re1 Na6 16. Ne4 Bf5 17. Qe3 Bxe4 18. Qxe4 Qc5 19. e3 Rd2 20. Bf1 Nb4 21.
Ra4 Nxc2 22. Rc1 Qd5 23. Rc4 Qxe4 24. Rxe4 Rad8 25. Rc4 Na3 26. Rb4 1/2-1/2

[Event "International Championship of Central S"]
[Site "Paracin, hotel "]
[Date "2016.07.08"]
[Round "2.44"]
[White "Baglan, Esat"]
[Black "Samani, Yamac"]
[Result "1-0"]
[WhiteElo "2246"]
[BlackElo "2083"]
[PlyCount "57"]
[EventDate "2016.07.07"]

1. e4 e5 2. Nf3 Nc6 3. Bb5 a6 4. Ba4 Nf6 5. O-O Be7 6. Re1 b5 7. Bb3 O-O 8. c3
d6 9. h3 Na5 10. Bc2 c5 11. d4 Nd7 12. a4 Bb7 13. Nbd2 exd4 14. cxd4 Nc6 15. d5
Nb4 16. Bb1 Bf6 17. Nf1 Re8 18. Ne3 g6 19. Ng4 Bg7 20. Bg5 Qc7 21. Nh6+ Kf8 22.
Qd2 bxa4 23. Rxa4 a5 24. Ra3 Bc8 25. Qf4 Ne5 26. Nxe5 Bxe5 27. Qh4 Ra7 28. Rf3
Bg7 29. Rxf7+ 1-0

[Event "International Championship of Central S"]
[Site "Paracin, hotel "]
[Date "2016.07.08"]
[Round "2.45"]
[White "Ozates, Tuna"]
[Black "Jovanovic, Bojan P"]
[Result "1/2-1/2"]
[WhiteElo "2074"]
[BlackElo "2246"]
[PlyCount "71"]
[EventDate "2016.07.07"]

1. e4 e6 2. d4 d5 3. Nd2 Nf6 4. e5 Nfd7 5. Bd3 c5 6. c3 Nc6 7. Ne2 cxd4 8. cxd4
f6 9. exf6 Nxf6 10. Nf3 Bd6 11. O-O Qc7 12. h3 Bd7 13. Be3 O-O 14. Re1 Rae8 15.
Rc1 Re7 16. Ne5 Qb6 17. Ng3 Be8 18. b3 Ba3 19. Nxc6 Bxc6 20. Rc2 Bb4 21. Rf1
Bb5 22. Bxb5 Qxb5 23. Qe2 Qe8 24. Bf4 Qg6 25. Rc7 Ne4 26. Rxe7 Bxe7 27. Be5 Bf6
28. Bxf6 gxf6 29. Nxe4 Qxe4 30. Qxe4 dxe4 31. Re1 f5 32. f3 exf3 33. Rxe6 fxg2
34. Re7 Rf7 35. Rxf7 Kxf7 36. Kxg2 1/2-1/2

[Event "International Championship of Central S"]
[Site "Paracin, hotel "]
[Date "2016.07.08"]
[Round "2.46"]
[White "Can, Isik"]
[Black "Arsic, Djordje"]
[Result "0-1"]
[WhiteElo "2072"]
[BlackElo "2232"]
[PlyCount "96"]
[EventDate "2016.07.07"]

1. e4 e5 2. Nf3 Nc6 3. Bb5 a6 4. Ba4 Nf6 5. O-O Be7 6. Re1 b5 7. Bb3 d6 8. c3
O-O 9. h3 Na5 10. Bc2 c5 11. d4 Qc7 12. Nbd2 Bd7 13. Nf1 Rac8 14. d5 Ne8 15.
Ng3 g6 16. Bh6 Ng7 17. b3 c4 18. b4 Nb7 19. Qd2 f6 20. a4 Ra8 21. h4 a5 22.
axb5 axb4 23. cxb4 Bxb5 24. Qc3 Rfc8 25. Nd2 Nd8 26. Rec1 Rab8 27. Be3 Rb7 28.
Bd1 f5 29. exf5 gxf5 30. Bg5 Bxg5 31. hxg5 Qf7 32. Be2 Qxd5 33. Nxc4 Rbc7 34.
Ra5 Nb7 35. Rd1 Qc6 36. Ra7 d5 37. Qxe5 Bxc4 38. Bxc4 dxc4 39. Nxf5 Nxf5 40.
Qxf5 c3 41. Rc1 Rf7 42. Qd3 Qb6 43. Rxc3 Qxf2+ 44. Kh2 Qf4+ 45. Kh3 Rd8 46. Qg3
Qxb4 47. Rb3 Qe4 48. Kh2 Qd5 0-1

[Event "International Championship of Central S"]
[Site "Paracin, hotel "]
[Date "2016.07.08"]
[Round "2.47"]
[White "Cvetkovic, Nemanja"]
[Black "Soilemetzidis, Konstantinos"]
[Result "1-0"]
[WhiteElo "2227"]
[BlackElo "2035"]
[PlyCount "47"]
[EventDate "2016.07.07"]

1. d4 Nf6 2. Nf3 g6 3. g3 Bg7 4. Bg2 O-O 5. O-O d6 6. b3 c5 7. Bb2 cxd4 8. Nxd4
a6 9. c4 Qc7 10. Nc3 Nc6 11. Rc1 Nxd4 12. Qxd4 Qa5 13. Nd5 Ne8 14. Nxe7+ Kh8
15. Bc3 Qxa2 16. Qe3 Bxc3 17. Qxc3+ f6 18. Qe3 Kg7 19. Rfd1 Bd7 20. Bxb7 Rb8
21. Qa7 Nc7 22. Bc6 Bxc6 23. Qxc7 Rb7 24. Nf5+ 1-0

[Event "International Championship of Central S"]
[Site "Paracin, hotel "]
[Date "2016.07.08"]
[Round "2.48"]
[White "Djordjevic, Lazar"]
[Black "Dimitrijevic, Nenad"]
[Result "0-1"]
[WhiteElo "2022"]
[BlackElo "2225"]
[PlyCount "62"]
[EventDate "2016.07.07"]

1. e4 c5 2. Nf3 a6 3. c3 e6 4. d4 d5 5. exd5 exd5 6. Bf4 Nf6 7. Bd3 c4 8. Bc2
Bg4 9. O-O Be7 10. Nbd2 Nc6 11. b3 cxb3 12. axb3 O-O 13. Qb1 h6 14. Ne5 Nxe5
15. Bxe5 Rc8 16. Qb2 Nd7 17. Bg3 Bg5 18. f4 Bh4 19. Bxh4 Qxh4 20. h3 Be6 21. c4
Qf6 22. Rad1 Rfd8 23. c5 Nb8 24. Nf3 Bxh3 25. Ne5 Bf5 26. Bxf5 Qxf5 27. b4 Nc6
28. Nxc6 Rxc6 29. b5 axb5 30. Qxb5 Rg6 31. Qb2 Qe4 0-1

[Event "International Championship of Central S"]
[Site "Paracin, hotel "]
[Date "2016.07.08"]
[Round "2.49"]
[White "Chekletsov, Egor"]
[Black "Perovic, Zivojin"]
[Result "1/2-1/2"]
[WhiteElo "2009"]
[BlackElo "2219"]
[PlyCount "47"]
[EventDate "2016.07.07"]

1. e4 c5 2. Nf3 d6 3. Bb5+ Bd7 4. Bxd7+ Qxd7 5. O-O e6 6. c3 Nf6 7. Qe2 Nc6 8.
d4 cxd4 9. cxd4 d5 10. Nc3 dxe4 11. Nxe4 Nxe4 12. Qxe4 Be7 13. Be3 Nb4 14. Ne5
Qd5 15. Qg4 O-O 16. a3 Nc6 17. Nxc6 Qxc6 18. Qe2 Rfd8 19. Rac1 Qd7 20. Rfd1 Bf6
21. Qd2 b6 22. Bg5 Bxg5 23. Qxg5 h6 24. Qe3 1/2-1/2

[Event "International Championship of Central S"]
[Site "Paracin, hotel "]
[Date "2016.07.08"]
[Round "2.50"]
[White "Injac, Teodora"]
[Black "Suc, Timothy"]
[Result "1-0"]
[WhiteElo "2215"]
[BlackElo "2034"]
[PlyCount "65"]
[EventDate "2016.07.07"]

1. d4 Nf6 2. Nf3 d6 3. c4 g6 4. Nc3 Bg7 5. e4 O-O 6. h3 Na6 7. Be3 e5 8. dxe5
dxe5 9. a3 c6 10. b4 Qe7 11. Be2 Nh5 12. O-O Nf4 13. Re1 Be6 14. Bf1 Rfd8 15.
Qc2 Qf6 16. Nd2 Bf8 17. Kh2 Bd7 18. Nb3 h5 19. Rad1 b6 20. Rd2 Nc7 21. Red1 Qe7
22. c5 b5 23. Na5 Be8 24. Rd6 h4 25. Nxc6 Bxc6 26. Rxc6 Rxd1 27. Qxd1 Nce6 28.
Bxb5 Rd8 29. Nd5 Qg5 30. Qg4 Qxg4 31. hxg4 Nxd5 32. exd5 Rxd5 33. Bc4 1-0

[Event "International Championship of Central S"]
[Site "Paracin, hotel "]
[Date "2016.07.08"]
[Round "2.51"]
[White "Krasteva, Beloslava"]
[Black "Kisic, Bozidar"]
[Result "1-0"]
[WhiteElo "1933"]
[BlackElo "2215"]
[PlyCount "72"]
[EventDate "2016.07.07"]

1. d4 Nf6 2. Nf3 c5 3. e3 e6 4. c4 b6 5. Nc3 Bb7 6. Be2 Be7 7. O-O O-O 8. d5 d6
9. e4 e5 10. Ne1 Re8 11. f4 exf4 12. Bxf4 Nbd7 13. Nd3 Bf8 14. Bf3 a6 15. a4
Ne5 16. Nxe5 dxe5 17. Be3 Qd7 18. Qe2 Reb8 19. Rf2 Ne8 20. Bg4 Qc7 21. Raf1 Nd6
22. Rxf7 Nxf7 23. Be6 Bd6 24. Rxf7 Qxf7 25. Bxf7+ Kxf7 26. Qh5+ Kg8 27. Qg4 Bc8
28. Qg3 Ra7 29. h4 Rf7 30. h5 Bd7 31. Qg5 h6 32. Qg3 Rf6 33. Nd1 Bxa4 34. Nf2
Bd7 35. Ng4 Bxg4 36. Qxg4 Rd8 1-0

[Event "International Championship of Central S"]
[Site "Paracin, hotel "]
[Date "2016.07.08"]
[Round "2.52"]
[White "Trifunovic, Miroljub"]
[Black "Peycheva, Gergana"]
[Result "1/2-1/2"]
[WhiteElo "2209"]
[BlackElo "2016"]
[PlyCount "49"]
[EventDate "2016.07.07"]

1. Nf3 c5 2. c4 Nc6 3. Nc3 g6 4. g3 Bg7 5. Bg2 e6 6. O-O Nge7 7. e3 O-O 8. d4
cxd4 9. Nxd4 Nxd4 10. exd4 d5 11. cxd5 Nxd5 12. Nxd5 exd5 13. Be3 Be6 14. Qb3
Qd7 15. Rac1 Rac8 16. Rc3 Rxc3 17. Qxc3 Rc8 18. Qb3 Rc4 19. Qd3 Qc6 20. h4 Bf5
21. Qd2 b6 22. Rc1 Rxc1+ 23. Qxc1 Qxc1+ 24. Bxc1 Bxd4 25. Bxd5 1/2-1/2

[Event "International Championship of Central S"]
[Site "Paracin, hotel "]
[Date "2016.07.08"]
[Round "2.53"]
[White "Sensay, Emin"]
[Black "Jovanovic, Sasa T"]
[Result "1/2-1/2"]
[WhiteElo "1881"]
[BlackElo "2194"]
[PlyCount "60"]
[EventDate "2016.07.07"]

1. e4 e5 2. Nf3 Nc6 3. Bb5 a6 4. Ba4 Nf6 5. O-O b5 6. Bb3 Be7 7. Re1 d6 8. c3
O-O 9. h3 Na5 10. Bc2 c5 11. d3 Nc6 12. Nbd2 h6 13. Nf1 Be6 14. a4 b4 15. d4
exd4 16. cxd4 Nxd4 17. Nxd4 cxd4 18. Qxd4 b3 19. Bd3 Nd7 20. Ne3 Bf6 21. Qxd6
Ne5 22. Qxd8 Rfxd8 23. Be2 Nd3 24. Rd1 Nxc1 25. Raxc1 Bxb2 26. Rb1 Rxd1+ 27.
Bxd1 Bd4 28. Bxb3 Bxe3 29. Bxe6 Bxf2+ 30. Kxf2 fxe6 1/2-1/2

[Event "International Championship of Central S"]
[Site "Paracin, hotel "]
[Date "2016.07.08"]
[Round "2.54"]
[White "Erece, Ece Alkim"]
[Black "Milosevic, Milos"]
[Result "0-1"]
[WhiteElo "1775"]
[BlackElo "2192"]
[PlyCount "108"]
[EventDate "2016.07.07"]

1. e4 c5 2. Nc3 d6 3. g3 Nc6 4. Bg2 g6 5. d3 Bg7 6. Be3 Nd4 7. Qd2 Qa5 8. Nge2
Nxe2 9. Kxe2 e6 10. Nd1 Qc7 11. c3 b6 12. Kf1 h5 13. e5 d5 14. d4 Ba6+ 15. Kg1
Rc8 16. Bf1 Bxf1 17. Kxf1 Nh6 18. Bg5 Nf5 19. Ne3 Nxe3+ 20. fxe3 O-O 21. Bf6
Bh6 22. Qf2 b5 23. g4 cxd4 24. exd4 b4 25. g5 Bg7 26. Bxg7 Kxg7 27. cxb4 Qc4+
28. Kg2 Qxb4 29. Rac1 Rc4 30. a3 Qb3 31. Rhf1 Qd3 32. Rxc4 dxc4 33. Re1 c3 34.
bxc3 Qxc3 35. Qe3 Rc8 36. Kf1 Qc2 37. Re2 Qf5+ 38. Kg2 Qg4+ 39. Kf2 Rc4 40. Rd2
Rc1 41. Qe2 Qf4+ 42. Kg2 Qxg5+ 43. Kf3 Qg4+ 44. Ke3 Qh3+ 45. Ke4 Qh4+ 46. Kd3
Qh3+ 47. Ke4 Rc3 48. Rd3 Rxd3 49. Qxd3 Qxd3+ 50. Kxd3 g5 51. Ke4 Kg6 52. Ke3
Kf5 53. Kf3 g4+ 54. Kg3 Kg5 0-1

[Event "International Championship of Central S"]
[Site "Paracin, hotel "]
[Date "2016.07.08"]
[Round "2.55"]
[White "Ererdem, Gani Eren"]
[Black "Ilic, Ilija"]
[Result "1-0"]
[WhiteElo "2151"]
[BlackElo "1866"]
[PlyCount "79"]
[EventDate "2016.07.07"]

1. e4 d6 2. d4 Nf6 3. Nc3 g6 4. f4 Bg7 5. Nf3 O-O 6. Bd3 c5 7. d5 a6 8. a4 e6
9. dxe6 fxe6 10. O-O Nc6 11. Kh1 d5 12. e5 Ne8 13. Ng5 Bh6 14. Nh3 Bg7 15. b3
Nb4 16. Ba3 b6 17. Bxb4 cxb4 18. Ne2 Bh6 19. Nd4 Qe7 20. Qg4 Ng7 21. Rad1 Nf5
22. Bxf5 exf5 23. Qf3 Be6 24. Nxe6 Qxe6 25. Rxd5 Rac8 26. Rd6 Qf7 27. Qe2 a5
28. Rd2 Qc7 29. Rfd1 Rfe8 30. Qd3 Qc6 31. Qe3 Bf8 32. Ng5 Be7 33. Nf3 Bc5 34.
Qe2 h6 35. h3 Qe4 36. Qa6 Qxf4 37. Rd7 h5 38. Qb7 Qh6 39. Ng5 Rf8 40. Rh7 1-0